| 000 | 00475nam a22001697a 4500 | ||
|---|---|---|---|
| 003 | NUST-PNEC | ||
| 005 | 20170116180736.0 | ||
| 008 | 141125b xxu||||| |||| 00| 0 eng d | ||
| 040 | _cPNEC | ||
| 082 | _a005.2762 ANS | ||
| 100 |
_91045 _aAnsari, Mohammad Arfan |
||
| 245 |
_aJava with introduction to internet/ _cMohammad Arfan Ansari, B.E. |
||
| 260 |
_aKarachi : _bAnsari Publishing, _cc1998. |
||
| 300 |
_a495 p. : _c22 cm. |
||
| 650 | _xComputer, MIS | ||
| 942 |
_2ddc _cBK |
||
| 999 |
_c61982 _d61982 |
||